[Event "22nd Honor to National Resistance"]
[Site "Nikaia"]
[Date "2014.08.26"]
[Round "1.30"]
[White "Markesinis, Eleftherios"]
[Black "Santorinaios, Hristodoulos"]
[Result "1-0"]
[WhiteElo "2029"]
[BlackElo "1612"]
[PlyCount "87"]
[EventDate "2014.08.26"]

1. d4 Nf6 2. c4 g6 3. Nc3 Bg7 4. Nf3 O-O 5. Bf4 d6 6. h3 c5 7. e3 Qb6 8. Rb1
Nh5 9. Bh2 Nc6 10. g4 Nf6 11. d5 Na5 12. Be2 Re8 13. O-O a6 14. Nd2 e6 15. a3
exd5 16. cxd5 Qc7 17. Rc1 b6 18. b4 Nb7 19. b5 Na5 20. Nc4 h5 21. a4 Bd7 22. f3
Re7 23. Qe1 Bh6 24. Qh4 g5 25. Qf2 Kh8 26. Bd3 Rae8 27. Bf5 Bxf5 28. gxf5 g4
29. Rcd1 gxh3 30. e4 Rg8+ 31. Kh1 Rg2 32. Qh4 Nh7 33. Ne2 Qd8 34. Qxh3 Rg8 35.
Qxh5 Qf8 36. Rg1 Rd7 37. Nxb6 Re7 38. Rxg8+ Kxg8 39. Rg1+ Kh8 40. Nc4 Rd7 41.
Qh4 f6 42. Rg6 Bg5 43. Qh5 Qe8 44. Rxg5 1-0

[Event "22nd Honor to National Resistance"]
[Site "Nikaia"]
[Date "2014.08.27"]
[Round "2.1"]
[White "Kotronias, Vasilios"]
[Black "Papakonstantinou, Dimitrios"]
[Result "1-0"]
[WhiteElo "2552"]
[BlackElo "1947"]
[PlyCount "103"]
[EventDate "2014.08.26"]

1. e4 c6 2. d4 d5 3. e5 Bf5 4. Nf3 e6 5. Nbd2 Nd7 6. Nb3 Bg6 7. Be2 Nh6 8. O-O
Nf5 9. g4 Nh4 10. Nxh4 Qxh4 11. f4 h5 12. g5 Be7 13. Rf3 f6 14. Rg3 fxg5 15.
fxg5 Bf5 16. Be3 Bg4 17. Qd2 Bxe2 18. Qxe2 Qe4 19. Rf1 h4 20. Rg4 Qg6 21. Nc1
O-O-O 22. Nd3 Rdf8 23. Nf4 Qf5 24. h3 Bxg5 25. Nxd5 Qxf1+ 26. Qxf1 Rxf1+ 27.
Kxf1 exd5 28. Bxg5 Nf8 29. Bxh4 Ne6 30. Kg2 Kd7 31. Bf2 Rh5 32. Be3 c5 33. dxc5
Rxe5 34. Kf3 Rf5+ 35. Ke2 a6 36. h4 Re5 37. Kd3 Rh5 38. b4 Rf5 39. a4 Rf3 40.
Kd2 Kc6 41. c3 Rf1 42. Bd4 Rf7 43. Rg6 Kd7 44. b5 axb5 45. axb5 Re7 46. Kc2 Ke8
47. Kb3 Kf7 48. h5 Re8 49. Rg1 Rh8 50. Rf1+ Ke7 51. Rf5 Rd8 52. Kb4 1-0

[Event "22nd Honor to National Resistance"]
[Site "Nikaia"]
[Date "2014.08.27"]
[Round "2.2"]
[White "Petougias, Georgios"]
[Black "Kapnisis, Spyridon"]
[Result "0-1"]
[WhiteElo "1949"]
[BlackElo "2458"]
[PlyCount "102"]
[EventDate "2014.08.26"]

1. e4 c5 2. c3 d5 3. exd5 Qxd5 4. d4 g6 5. Nf3 Bg7 6. Be2 cxd4 7. cxd4 Nh6 8.
Nc3 Qa5 9. O-O O-O 10. Bf4 Nf5 11. Nb5 Na6 12. g4 Nd6 13. Nxd6 exd6 14. h3 h5
15. Bxd6 Rd8 16. Be5 hxg4 17. hxg4 Bxg4 18. Qb3 Bxf3 19. Bxf3 Bxe5 20. dxe5
Qxe5 21. Rfd1 Nc5 22. Qb5 Qf4 23. Bg2 Ne4 24. Qe2 Nd6 25. Rd3 Nf5 26. Rad1 Rxd3
27. Rxd3 Qc1+ 28. Rd1 Qc7 29. Qe4 Rb8 30. Bh3 Ng7 31. Qd4 Re8 32. Qd7 Qc2 33.
Rd2 Re1+ 34. Kg2 Qe4+ 35. f3 Re2+ 36. Rxe2 Qxe2+ 37. Kg1 Qxf3 38. Bg2 Qe3+ 39.
Kh2 Qe5+ 40. Kh1 Qe1+ 41. Kh2 Qe5+ 42. Kh1 Qxb2 43. Qc8+ Kh7 44. Bxb7 Qa1+ 45.
Kh2 Qxa2+ 46. Kg1 a5 47. Qd7 Qe6 48. Qb5 a4 49. Bd5 Qe1+ 50. Kh2 a3 51. Qb3
Qf2+ 0-1

[Event "22nd Honor to National Resistance"]
[Site "Nikaia"]
[Date "2014.08.27"]
[Round "2.3"]
[White "Goumas, Georgios"]
[Black "Koerant, Filipos"]
[Result "1-0"]
[WhiteElo "2371"]
[BlackElo "1923"]
[PlyCount "103"]
[EventDate "2014.08.26"]

1. e4 c5 2. Nf3 a6 3. c3 e6 4. d4 d5 5. e5 Bd7 6. Bd3 cxd4 7. cxd4 Bb5 8. Bc2
Bb4+ 9. Nc3 a5 10. a3 Bxc3+ 11. bxc3 Ne7 12. a4 Ba6 13. Ba3 h6 14. h4 Qc7 15.
Qd2 Nd7 16. Bd3 Bxd3 17. Qxd3 Rc8 18. O-O Qc4 19. Qb1 Qa6 20. Rc1 Nb6 21. Nd2
Nc4 22. Nxc4 dxc4 23. Bxe7 Kxe7 24. Qe4 Qc6 25. Qg4 Rhg8 26. Rcb1 f5 27. Qg6
Rc7 28. Rb5 Qe8 29. Qg3 g5 30. Rab1 f4 31. Qg4 gxh4 32. Qxh4+ Kd7 33. Rxb7 Rxb7
34. Rxb7+ Kc8 35. Re7 Qc6 36. f3 Qxa4 37. Qh3 Rg6 38. Rxe6 Rxe6 39. Qxe6+ Kb8
40. Kh2 Qb5 41. Qd6+ Kc8 42. e6 Qg5 43. Qc6+ Kb8 44. Qe4 Qe7 45. Qxf4+ Qc7 46.
Kg3 Qxf4+ 47. Kxf4 Kc7 48. Ke3 a4 49. Kd2 Kd6 50. d5 a3 51. Kc2 h5 52. g3 1-0

[Event "22nd Honor to National Resistance"]
[Site "Nikaia"]
[Date "2014.08.27"]
[Round "2.4"]
[White "Papasimakopoulos, Alexandros"]
[Black "Sidiropoulos, Nikolaos"]
[Result "0-1"]
[WhiteElo "2270"]
[BlackElo "1923"]
[PlyCount "66"]
[EventDate "2014.08.26"]

1. d4 Nf6 2. c4 e6 3. Nc3 c5 4. d5 d6 5. Nf3 exd5 6. cxd5 g6 7. Bf4 Bg7 8. Qa4+
Bd7 9. Qb3 Qc7 10. e4 O-O 11. Nd2 Re8 12. Be2 b5 13. Bxb5 Nh5 14. Be3 f5 15.
exf5 gxf5 16. Be2 f4 17. Bxh5 fxe3 18. Bxe8 exd2+ 19. Kxd2 Bxe8 20. Rhe1 Na6
21. Ke2 Rb8 22. Qc4 Nb4 23. Kd2 Bg6 24. Re6 Bf5 25. Rae1 Bxe6 26. dxe6 Qe7 27.
Kc1 d5 28. Nxd5 Qg5+ 29. Nf4 Qxf4+ 30. Qxf4 Nd3+ 31. Kc2 Nxf4 32. b3 Re8 33. e7
Ng6 0-1

[Event "22nd Honor to National Resistance"]
[Site "Nikaia"]
[Date "2014.08.27"]
[Round "2.5"]
[White "Hrisafis, Argirios"]
[Black "Sirigos, Nikolaos"]
[Result "0-1"]
[WhiteElo "1938"]
[BlackElo "2256"]
[PlyCount "64"]
[EventDate "2014.08.26"]

1. d4 d5 2. c4 c6 3. cxd5 cxd5 4. Nc3 Nf6 5. Nf3 e6 6. Bf4 Nc6 7. e3 Bb4 8. Bd3
Ne4 9. Bxe4 dxe4 10. Ng5 f5 11. Qh5+ g6 12. Qe2 Be7 13. Nh3 O-O 14. Bh6 Rf7 15.
O-O Nb4 16. f3 exf3 17. Rxf3 b6 18. a3 Ba6 19. Qd2 Nc6 20. b4 Ne5 21. Rf2 Ng4
22. Bf4 Nxf2 23. Nxf2 Bd6 24. Bxd6 Qxd6 25. b5 Bb7 26. Nd3 Rc8 27. Nb4 Rfc7 28.
Ne2 Qd7 29. a4 Rc4 30. Rc1 Be4 31. Rxc4 Rxc4 32. Nf4 Qd6 0-1

[Event "22nd Honor to National Resistance"]
[Site "Nikaia"]
[Date "2014.08.27"]
[Round "2.6"]
[White "Tsolakidou, Stavroula"]
[Black "Kalodoukas, Odysseas"]
[Result "1/2-1/2"]
[WhiteElo "2240"]
[BlackElo "1918"]
[PlyCount "97"]
[EventDate "2014.08.26"]

1. e4 c6 2. Nc3 d5 3. Nf3 g6 4. d4 Bg7 5. h3 Nf6 6. e5 Ne4 7. Nxe4 dxe4 8. Ng5
c5 9. e6 Bxe6 10. Nxe6 fxe6 11. dxc5 Qxd1+ 12. Kxd1 Nd7 13. c6 bxc6 14. Bc4 Kf7
15. Re1 Rhd8 16. Ke2 Nb6 17. Bb3 c5 18. c3 Nd5 19. Kf1 e3 20. fxe3 Be5 21. Ke2
Kg7 22. Rf1 Rf8 23. Bd2 Rab8 24. Rxf8 Kxf8 25. Rf1+ Kg7 26. Kd3 Rd8 27. Kc2 g5
28. e4 Nf4 29. g3 Nh5 30. Bxe6 Nxg3 31. Rf7+ Kg6 32. Rf3 Ne2 33. Bf5+ Kh6 34.
h4 Bf4 35. Bxf4 Nxf4 36. hxg5+ Kxg5 37. Bxh7 Rh8 38. Rg3+ Kf6 39. Bf5 e6 40.
Bg4 Rg8 41. e5+ Kxe5 42. Re3+ Kd6 43. Bf3 Rg3 44. Kd2 Nd5 45. Bxd5 Rxe3 46.
Kxe3 exd5 47. b4 d4+ 48. Kd3 dxc3 49. bxc5+ 1/2-1/2

[Event "22nd Honor to National Resistance"]
[Site "Nikaia"]
[Date "2014.08.27"]
[Round "2.7"]
[White "Asvestopoulos, Hristos"]
[Black "Alexakis, Dimitrios"]
[Result "0-1"]
[WhiteElo "1928"]
[BlackElo "2221"]
[PlyCount "102"]
[EventDate "2014.08.26"]

1. c4 g6 2. Nc3 Bg7 3. g3 d6 4. Bg2 f5 5. d3 Nf6 6. e3 O-O 7. Nge2 Nc6 8. Rb1
e5 9. O-O Be6 10. Nd5 Qd7 11. Qc2 Rae8 12. b4 Nd8 13. Ndc3 c6 14. b5 Nh5 15.
Kh1 f4 16. Ng1 fxg3 17. fxg3 Rxf1 18. Bxf1 Rf8 19. Bg2 Nf6 20. h3 e4 21. d4
Bxc4 22. bxc6 bxc6 23. Nxe4 Nxe4 24. Bxe4 Qe6 25. Rb8 d5 26. Ba3 Re8 27. Bf3
Qxe3 28. Bc1 Qe7 29. Qd2 Qc7 30. Qf4 Qxf4 31. Bxf4 Bxd4 32. Bg5 Bb6 33. Bg4 Kf7
34. Bd7 Re1 35. Bxd8 Rxg1+ 36. Kh2 Ra1 37. Bxb6 Rxa2+ 38. Kg1 axb6 39. Rxb6 c5
40. Rc6 Ra5 41. Be6+ Kg7 42. Rc7+ Kf6 43. Rc6 Ke5 44. Bg8 Bd3 45. Bxh7 c4 46.
h4 d4 47. Bxg6 Bxg6 48. Rxg6 Ra1+ 49. Kf2 c3 50. Rc6 d3 51. Rc5+ Kd4 0-1

[Event "22nd Honor to National Resistance"]
[Site "Nikaia"]
[Date "2014.08.27"]
[Round "2.8"]
[White "Karagiannis, Athanasios"]
[Black "Sideris, Theodoros"]
[Result "1-0"]
[WhiteElo "2214"]
[BlackElo "1915"]
[PlyCount "51"]
[EventDate "2014.08.26"]

1. d4 Nf6 2. Nc3 d5 3. Bg5 Nbd7 4. Qd3 g6 5. h4 Bg7 6. h5 Nxh5 7. Nxd5 Nb6 8.
Nxb6 axb6 9. Nf3 Qd6 10. a3 Bg4 11. O-O-O O-O-O 12. e4 f6 13. Be3 e5 14. Qb3 f5
15. Bc4 fxe4 16. dxe5 Qe7 17. Bg5 Rxd1+ 18. Rxd1 Bh6 19. Bxh6 exf3 20. gxf3 Bf5
21. f4 Qh4 22. Qe3 Rd8 23. Re1 Qg4 24. e6 Re8 25. e7 Nf6 26. Bg5 1-0

[Event "22nd Honor to National Resistance"]
[Site "Nikaia"]
[Date "2014.08.27"]
[Round "2.9"]
[White "Markantonaki, Haritomeni"]
[Black "Pagonas, Panayotis"]
[Result "1-0"]
[WhiteElo "2180"]
[BlackElo "1888"]
[PlyCount "57"]
[EventDate "2014.08.26"]

1. e4 c5 2. Nf3 e6 3. d4 cxd4 4. Nxd4 Nc6 5. Nc3 Qc7 6. Be3 a6 7. Bd3 Nf6 8.
O-O Bd6 9. h3 h5 10. Nxc6 dxc6 11. f4 e5 12. f5 Qe7 13. a4 Bc5 14. Qe2 Nd7 15.
Kh1 Bxe3 16. Qxe3 a5 17. Bc4 Qc5 18. Qd3 Nb6 19. Bb3 Bd7 20. Qg3 Kf8 21. Rad1
Rh6 22. Rd3 Rd6 23. Rdf3 Be8 24. f6 Rxf6 25. Rxf6 gxf6 26. Qh4 Nc4 27. Qxf6 b5
28. axb5 cxb5 29. Nd5 1-0

[Event "22nd Honor to National Resistance"]
[Site "Nikaia"]
[Date "2014.08.27"]
[Round "2.10"]
[White "Koutsogiannis, Efthymios"]
[Black "Liodakis, Konstantinos-Spyros"]
[Result "0-1"]
[WhiteElo "1920"]
[BlackElo "2170"]
[PlyCount "100"]
[EventDate "2014.08.26"]

1. e4 e6 2. d4 d5 3. Nc3 Nf6 4. Bg5 Bb4 5. e5 h6 6. Bd2 Bxc3 7. bxc3 Ne4 8. g3
c5 9. Bg2 Nxd2 10. Qxd2 Nc6 11. f4 Qa5 12. Nf3 Bd7 13. dxc5 Qxc5 14. Nd4 Rc8
15. Nb3 Qb6 16. Rf1 O-O 17. Qf2 Qc7 18. Qc5 b6 19. Qe3 Ne7 20. Rf3 Nf5 21. Qd3
Rfd8 22. Nd4 Nxd4 23. Qxd4 Qc4 24. Qxc4 Rxc4 25. Kd2 Ba4 26. Bf1 Rc5 27. Bd3 g6
28. Rc1 Rdc8 29. Be2 Bb5 30. Bd1 Bc4 31. Ra1 h5 32. a3 Rd8 33. Be2 Bxe2 34.
Kxe2 Kf8 35. Rb1 Ke7 36. Kd2 Rc4 37. Rb4 Rdc8 38. Rd3 Kd7 39. Rxc4 Rxc4 40. Rd4
Kc6 41. a4 Kc5 42. Kd3 b5 43. axb5 Kxb5 44. Kd2 Rxd4+ 45. cxd4 Kc4 46. c3 Kb3
47. h3 a5 48. g4 hxg4 49. hxg4 a4 50. f5 a3 0-1

[Event "22nd Honor to National Resistance"]
[Site "Nikaia"]
[Date "2014.08.27"]
[Round "2.11"]
[White "Gkikas, Hristos"]
[Black "Michelakos, Panagiotis"]
[Result "1-0"]
[WhiteElo "1907"]
[BlackElo "2146"]
[PlyCount "101"]
[EventDate "2014.08.26"]

1. c4 g6 2. d4 Nf6 3. Nc3 Bg7 4. e4 d6 5. Nge2 O-O 6. Ng3 Nc6 7. d5 Nb8 8. Be2
c6 9. Be3 a6 10. Rc1 h5 11. h3 b5 12. dxc6 h4 13. Nf1 b4 14. c7 Qxc7 15. Nd5
Nxd5 16. cxd5 Qa5 17. Qb3 Nd7 18. Nd2 Nc5 19. Bxc5 dxc5 20. O-O Rb8 21. Nf3 Qc7
22. Qe3 Qa5 23. Qxc5 Qxc5 24. Rxc5 Bxb2 25. Nd2 Rd8 26. Rb1 Be5 27. Rc6 Rd6 28.
Rc5 Rd8 29. Nc4 Bd4 30. Rc6 Kg7 31. Na5 f5 32. Bxa6 fxe4 33. Bxc8 Rdxc8 34. Re6
Rc2 35. Rxe7+ Kf6 36. Rxe4 Bxf2+ 37. Kf1 Bc5 38. Nc6 Rf8 39. Rf4+ Kg5 40. Rxf8
Bxf8 41. Nd4 Rc8 42. Ne6+ Kh5 43. Nxf8 Rxf8+ 44. Ke2 Ra8 45. Rb2 Kg5 46. Kd3
Kf6 47. Re2 b3 48. axb3 Rb8 49. Kc4 Rc8+ 50. Kd4 Rb8 51. Re3 1-0

[Event "22nd Honor to National Resistance"]
[Site "Nikaia"]
[Date "2014.08.27"]
[Round "2.12"]
[White "Panagiotakos, Nikolaos"]
[Black "Kalogridakis, Theodoros"]
[Result "1/2-1/2"]
[WhiteElo "2146"]
[BlackElo "1843"]
[PlyCount "116"]
[EventDate "2014.08.26"]

1. e4 c5 2. Nf3 d6 3. d4 cxd4 4. Nxd4 Nf6 5. Nc3 a6 6. Be2 e5 7. Nb3 Be7 8. Be3
O-O 9. g4 Be6 10. g5 Nfd7 11. h4 b5 12. Qd2 Nb6 13. Nd5 Nxd5 14. exd5 Bf5 15.
Bd3 Qd7 16. O-O-O Rc8 17. f4 e4 18. Be2 Qb7 19. Rdg1 a5 20. Qd4 Qc7 21. c3 a4
22. Nd2 a3 23. Nb3 axb2+ 24. Kxb2 Ra4 25. Qd2 Qb7 26. Ka1 Na6 27. Nd4 Bd7 28.
Nxb5 Bxb5 29. Rb1 Nc7 30. c4 Rca8 31. Rb2 Ra3 32. Rd1 Bf8 33. f5 R8a4 34. cxb5
Ra8 35. b6 Na6 36. Bb5 Nb8 37. Rc1 Qe7 38. b7 R8a5 39. Bb6 Rxa2+ 40. Rxa2 Rxb5
41. Bc7 Rxb7 42. Qc3 Nd7 43. Ra6 Rxc7 44. Qxc7 Qe5+ 45. Qc3 Qxf5 46. Qd4 Qf4
47. Rb1 Qxh4 48. Ra8 Qxg5 49. Qxe4 Qf6+ 50. Ka2 g5 51. Qg4 Ne5 52. Qc8 Ng6 53.
Rbb8 Qf2+ 54. Kb1 Qe1+ 55. Kc2 Qe2+ 56. Kb1 Qd1+ 57. Kb2 Qd2+ 58. Kb1 Qxd5
1/2-1/2

[Event "22nd Honor to National Resistance"]
[Site "Nikaia"]
[Date "2014.08.27"]
[Round "2.13"]
[White "Tsiros, Fragkiskos Vlasios"]
[Black "Alexakis, Dimitris"]
[Result "1/2-1/2"]
[WhiteElo "2108"]
[BlackElo "1679"]
[PlyCount "132"]
[EventDate "2014.08.26"]

1. e4 c5 2. Nf3 d6 3. Bb5+ Nc6 4. O-O Bd7 5. Re1 a6 6. Bf1 g6 7. c3 Bg7 8. h3
e5 9. d3 Nge7 10. Be3 O-O 11. d4 b6 12. Na3 h6 13. Qd2 Kh7 14. Rad1 Nb8 15.
dxc5 dxc5 16. Nc4 Nec6 17. Qd5 Re8 18. b4 b5 19. Nd6 cxb4 20. Nxe8 Qxe8 21.
cxb4 Be6 22. Qd2 Nd7 23. Rc1 Rc8 24. Rc2 Bf8 25. a3 f5 26. Rec1 Nf6 27. exf5
Bxf5 28. Rxc6 Rxc6 29. Rxc6 Qxc6 30. Nxe5 Qe6 31. Nf3 Qb3 32. Nd4 Qxa3 33. Nxf5
gxf5 34. Qd8 Bg7 35. Qe7 Nd5 36. Qe6 Nxe3 37. fxe3 Qxb4 38. Qxf5+ Kg8 39. Qe6+
Kf8 40. Qc8+ Kf7 41. Qxa6 Qc5 42. Qb7+ Kf8 43. Qa8+ Ke7 44. Qe4+ Kd8 45. Qd3+
Kc7 46. Kf2 b4 47. Qc4 Qxc4 48. Bxc4 Kd6 49. Ke2 Ke5 50. Kd3 Bf6 51. Bf7 Bh4
52. Bh5 Bg3 53. Bf3 Be1 54. Bd1 Bg3 55. Ke2 h5 56. h4 Kf5 57. Kd3 Kg6 58. Kc4
Bxh4 59. Kxb4 Bg3 60. Kc4 h4 61. Kd5 Kf6 62. Ke4 Bd6 63. Kf3 Bg3 64. Kg4 Ke5
65. Bf3 Bf2 66. e4 Bg3 1/2-1/2

[Event "22nd Honor to National Resistance"]
[Site "Nikaia"]
[Date "2014.08.27"]
[Round "2.14"]
[White "Tsaknakis, Zisis"]
[Black "Skaperdas, Kostantinos"]
[Result "1/2-1/2"]
[WhiteElo "1899"]
[BlackElo "2102"]
[PlyCount "125"]
[EventDate "2014.08.26"]

1. e4 e6 2. d4 d5 3. Nc3 Bb4 4. exd5 exd5 5. Bd3 Nc6 6. a3 Bxc3+ 7. bxc3 Nge7
8. Ne2 Bf5 9. O-O O-O 10. Ng3 Bxd3 11. cxd3 Qd7 12. Rb1 b6 13. Qf3 Nd8 14. Re1
Ne6 15. Nh5 Ng6 16. Nf4 Nexf4 17. Bxf4 Qf5 18. Bg3 Qxf3 19. gxf3 f5 20. f4 Kf7
21. c4 Rad8 22. c5 Rfe8 23. Rec1 Rd7 24. Kf1 Nf8 25. a4 Re6 26. a5 Rc6 27. cxb6
Rxc1+ 28. Rxc1 cxb6 29. axb6 axb6 30. Rc6 Rb7 31. Rd6 b5 32. Rxd5 g6 33. Ke1
Ke6 34. Re5+ Kd6 35. Kd2 b4 36. Kc2 Ne6 37. Kb2 Nxd4 38. f3 Nxf3 39. Ra5 Nd4
40. Bf2 Nc6 41. Rc5 Ne7 42. Kb3 Nd5 43. Rc4 Rc7 44. Bd4 Rxc4 45. dxc4 Nxf4 46.
Kxb4 Kc6 47. Be3 Nh3 48. Kc3 f4 49. Bd4 g5 50. Kd2 g4 51. Ke1 Ng5 52. Kf2 Nf3
53. Ba7 Nxh2 54. Bb8 Kc5 55. Bxf4 Nf3 56. Bh6 Nh4 57. Bf8+ Kxc4 58. Kg3 Ng6 59.
Bh6 Ne5 60. Bg7 Kd5 61. Bxe5 Kxe5 62. Kxg4 h5+ 63. Kxh5 1/2-1/2

[Event "22nd Honor to National Resistance"]
[Site "Nikaia"]
[Date "2014.08.27"]
[Round "2.15"]
[White "Nikoleris, Evangelos"]
[Black "Theotokatos, Dionisis"]
[Result "1/2-1/2"]
[WhiteElo "1887"]
[BlackElo "2086"]
[PlyCount "153"]
[EventDate "2014.08.26"]

1. e4 c5 2. Nf3 d6 3. d4 cxd4 4. Nxd4 Nf6 5. Nc3 a6 6. Be3 e6 7. f3 Be7 8. Qd2
b5 9. O-O-O Qc7 10. g4 O-O 11. Kb1 Bb7 12. g5 Nfd7 13. a3 Nc6 14. h4 Nde5 15.
Qg2 Nxd4 16. Bxd4 Nc6 17. h5 Nxd4 18. Rxd4 Qc5 19. Rd3 Qxg5 20. Qxg5 Bxg5 21.
Rxd6 Rfd8 22. Rxd8+ Rxd8 23. Bd3 Kf8 24. Rg1 Bh6 25. Nd1 Bf4 26. Nf2 Be3 27.
Rf1 e5 28. Ng4 Bf4 29. Rd1 f5 30. Nf2 Be3 31. Rf1 Bxf2 32. Rxf2 f4 33. Rg2 Kf7
34. Rg5 Kf6 35. Rf5+ Ke6 36. a4 g6 37. hxg6 hxg6 38. Rg5 Kf6 39. Rg1 bxa4 40.
Rh1 Kg7 41. Ka2 Rd6 42. Ka3 Bc6 43. Kb4 Bd7 44. Kc5 Rd4 45. Bxa6 g5 46. Bd3 Kg6
47. Rh8 g4 48. fxg4 Bxg4 49. Rg8+ Kh5 50. Re8 Rd7 51. Rxe5+ Kh4 52. Kb4 f3 53.
Re8 Rb7+ 54. Kc3 Rf7 55. e5 f2 56. e6 Rf3 57. e7 f1=Q 58. Rh8+ Kg3 59. e8=Q
Rxd3+ 60. cxd3 Qc1+ 61. Kd4 Qxb2+ 62. Kc5 Qc3+ 63. Kd6 Qxd3+ 64. Kc5 Qc3+ 65.
Kd5 Bf3+ 66. Kd6 Qd4+ 67. Ke7 Qe5+ 68. Kd7 Qg7+ 69. Kd6 Qf6+ 70. Kc5 Qc3+ 71.
Kd6 Qd4+ 72. Ke7 Qe5+ 73. Kd7 Qd5+ 74. Ke7 Qg5+ 75. Kd6 Qd5+ 76. Ke7 Qc5+ 77.
Kf6 1/2-1/2

[Event "22nd Honor to National Resistance"]
[Site "Nikaia"]
[Date "2014.08.27"]
[Round "2.16"]
[White "Tzounakas, Vasilios"]
[Black "Pandelidis, Ioannis"]
[Result "1/2-1/2"]
[WhiteElo "1878"]
[BlackElo "2070"]
[PlyCount "73"]
[EventDate "2014.08.26"]

1. e4 c5 2. Nf3 Nc6 3. d4 cxd4 4. Nxd4 e5 5. Nb5 d6 6. N1c3 a6 7. Na3 Be7 8.
Nd5 Nf6 9. Nxf6+ Bxf6 10. Nc4 Be7 11. Be3 Be6 12. Nb6 Rb8 13. c4 O-O 14. Bd3
Nd4 15. Bxd4 exd4 16. Nd5 Bxd5 17. exd5 Bf6 18. O-O g6 19. Re1 Qd7 20. Qd2 Rfe8
21. Rxe8+ Rxe8 22. Re1 Rxe1+ 23. Qxe1 Qa4 24. Qb1 Qb4 25. g3 Kg7 26. Qc2 Qe1+
27. Kg2 h5 28. h4 Qe5 29. Qe2 Qxe2 30. Bxe2 d3 31. Bxd3 Bxb2 32. f4 f5 33. Bc2
Kf7 34. Ba4 Ke7 35. Kf2 Bd4+ 36. Ke2 Bc5 37. Kf3 1/2-1/2

[Event "22nd Honor to National Resistance"]
[Site "Nikaia"]
[Date "2014.08.27"]
[Round "2.17"]
[White "Siamidis, Dimitrios"]
[Black "Spyropoulos, Nikolaos"]
[Result "1-0"]
[WhiteElo "2065"]
[BlackElo "1594"]
[PlyCount "129"]
[EventDate "2014.08.26"]

1. b3 d5 2. Bb2 e6 3. e3 Nf6 4. Nf3 Be7 5. Be2 O-O 6. O-O Nbd7 7. d3 b6 8. Nbd2
Bb7 9. Rc1 c5 10. Re1 Rc8 11. c4 Re8 12. Nf1 Bd6 13. Ng3 Bxg3 14. hxg3 e5 15.
cxd5 Nxd5 16. e4 Nb4 17. a3 Nc6 18. Qd2 Qe7 19. Rc2 Rcd8 20. Nh4 g6 21. Nf3 Nf8
22. Qh6 f6 23. Qc1 Ne6 24. b4 Rd6 25. bxc5 Nxc5 26. Rxc5 bxc5 27. Qxc5 Red8 28.
a4 Ba6 29. Ba3 Qe6 30. Rc1 Nd4 31. Nxd4 Rxd4 32. Qe7 Qxe7 33. Bxe7 R8d7 34.
Bxf6 Bxd3 35. Bg4 R7d6 36. Bxe5 Bxe4 37. Rc8+ Kf7 38. Rc7+ Kg8 39. Rg7+ Kf8 40.
Bxd6+ Rxd6 41. Rxa7 h5 42. Bf3 Bc2 43. a5 Bd3 44. Kh2 Rf6 45. Rc7 Ra6 46. Rc5
Kg7 47. g4 hxg4 48. Bxg4 Kh6 49. f4 Kg7 50. Bc8 Ra7 51. Rd5 Ra8 52. Rxd3 Rxc8
53. Ra3 Ra8 54. a6 Ra7 55. g4 Kf6 56. Ra5 Ke6 57. Kg3 Kf6 58. Kf3 Ke6 59. Ke4
Kf6 60. Kd5 Ke7 61. Kc6 Kd8 62. Kb6 Re7 63. Re5 Rd7 64. a7 Rd6+ 65. Kb5 1-0

[Event "22nd Honor to National Resistance"]
[Site "Nikaia"]
[Date "2014.08.27"]
[Round "2.18"]
[White "Kalofonos, Panayotis"]
[Black "Ioannidis, Evgenios"]
[Result "0-1"]
[WhiteElo "1843"]
[BlackElo "2064"]
[PlyCount "62"]
[EventDate "2014.08.26"]

1. e4 e5 2. Nf3 Nc6 3. Bb5 a6 4. Ba4 Nf6 5. O-O b5 6. Bb3 Be7 7. Re1 O-O 8. d3
d6 9. c3 Nb8 10. Nbd2 c5 11. Nf1 Nbd7 12. a4 Bb7 13. Ng3 g6 14. Bh6 Re8 15. Qd2
Qc7 16. d4 c4 17. Bc2 d5 18. dxe5 Nxe4 19. Nxe4 dxe4 20. Nd4 Nxe5 21. Bf4 Bd6
22. Bxe5 Bxe5 23. axb5 Bxh2+ 24. Kh1 e3 25. Rxe3 Bf4 26. Rxe8+ Rxe8 27. Qd1
axb5 28. Qg4 Qe5 29. Rg1 Bc8 30. Qf3 Qg5 31. Rd1 Qh5+ 0-1

[Event "22nd Honor to National Resistance"]
[Site "Nikaia"]
[Date "2014.08.27"]
[Round "2.19"]
[White "Korlotsidis, Spiridon"]
[Black "Papathanasopoulos, Nikolaos"]
[Result "1-0"]
[WhiteElo "2048"]
[BlackElo "1578"]
[PlyCount "107"]
[EventDate "2014.08.26"]

1. Nf3 g6 2. e4 Bg7 3. Bc4 e6 4. Qe2 Ne7 5. Bb3 O-O 6. d3 d6 7. Nbd2 a5 8. a4
Na6 9. c3 Bd7 10. d4 d5 11. h4 c5 12. h5 cxd4 13. cxd4 Qb6 14. Ne5 Bc6 15. hxg6
hxg6 16. Qd3 Rfd8 17. Qf3 Be8 18. exd5 exd5 19. Qh3 Qxd4 20. Qh7+ Kf8 21. Ndf3
Qe4+ 22. Kf1 Ng8 23. Bg5 Nc5 24. Re1 Qf5 25. Bxd8 Nxb3 26. Bc7 Ra6 27. Qh3 Qxh3
28. Rxh3 Bxa4 29. Ng5 Bxe5 30. Nh7+ Kg7 31. Bxe5+ f6 32. Bxf6+ Rxf6 33. Nxf6
Kxf6 34. Rf3+ Kg7 35. Rc3 Bb5+ 36. Kg1 Bc4 37. Re6 b5 38. Rb6 a4 39. Rg3 Nf6
40. Rb7+ Kh6 41. f4 Be2 42. Rb6 Ng4 43. f5 Kg7 44. Rxg6+ Kf7 45. Rc3 Bc4 46.
Rxg4 d4 47. Rxb3 Bxb3 48. Rxd4 Kf6 49. g4 Ke5 50. Rb4 Bc4 51. Kf2 Kf6 52. Kf3
Kg5 53. Kg3 Be2 54. Rd4 1-0

[Event "22nd Honor to National Resistance"]
[Site "Nikaia"]
[Date "2014.08.27"]
[Round "2.20"]
[White "Kondopoulos, Dimitrios"]
[Black "Vozinaki, Anthi - Maria"]
[Result "1-0"]
[WhiteElo "2039"]
[BlackElo "1578"]
[PlyCount "119"]
[EventDate "2014.08.26"]

1. e4 c5 2. Nf3 e6 3. d4 cxd4 4. Nxd4 Nf6 5. Nc3 d6 6. g4 a6 7. Be3 Qc7 8. g5
Nfd7 9. f4 b5 10. Qe2 b4 11. Nd5 exd5 12. exd5 Kd8 13. O-O-O Nb6 14. Bg2 Bd7
15. Rhe1 Qc4 16. Nc6+ Kc8 17. Bxb6 Qxe2 18. Rxe2 Kb7 19. Nxb8 Rxb8 20. Ba5 Bg4
21. Re4 Bxd1 22. Kxd1 g6 23. Bxb4 Ka7 24. b3 Rb7 25. Bc3 Rg8 26. Bd4+ Ka8 27.
Bf1 Re7 28. Rxe7 Bxe7 29. Bxa6 Rb8 30. c3 Bd8 31. c4 Bb6 32. Bxb6 Rxb6 33. Bb5
Kb8 34. Bc6 Ra6 35. a4 Ra7 36. Kd2 Re7 37. a5 Re4 38. c5 dxc5 39. Kc3 Rxf4 40.
d6 Rd4 41. d7 Kc7 42. Bb5 Rb4 43. Ba4 Rb8 44. Kc4 Kd6 45. a6 Rb4+ 46. Kc3 Rb8
47. Bb5 Kc7 48. Kc4 Kb6 49. Ba4 Rd8 50. Kd5 Kxa6 51. Kc6 Rf8 52. Kc7 Ka5 53.
Bc6 Kb4 54. Bd5 Kc3 55. d8=Q Rxd8 56. Kxd8 Kd4 57. Bxf7 Ke5 58. Bg8 Kf4 59. h4
Kg4 60. Bxh7 1-0

[Event "22nd Honor to National Resistance"]
[Site "Nikaia"]
[Date "2014.08.27"]
[Round "2.21"]
[White "Koutsidis, Achilleas"]
[Black "Markesinis, Eleftherios"]
[Result "1/2-1/2"]
[WhiteElo "1729"]
[BlackElo "2029"]
[PlyCount "119"]
[EventDate "2014.08.26"]

1. d4 Nf6 2. c4 e6 3. Nc3 Bb4 4. e3 Bxc3+ 5. bxc3 d6 6. Bd3 Qe7 7. e4 e5 8. d5
h6 9. Qe2 Nbd7 10. f3 g5 11. h4 Nh5 12. Qf2 Nc5 13. Bc2 Nf4 14. Kd1 g4 15. Ne2
Nxe2 16. Qxe2 h5 17. Be3 Bd7 18. Rb1 O-O-O 19. Kd2 b6 20. Rbg1 Rdf8 21. Qd1 Qe8
22. Rf1 Rhg8 23. Qe2 Qe7 24. Bg5 f6 25. Be3 Rf7 26. Rhg1 Re8 27. Qd1 Qf8 28.
Bxc5 dxc5 29. Ba4 Qh6+ 30. Ke2 a5 31. Bxd7+ Rxd7 32. Qd2 Qg6 33. Qe3 Rde7 34.
Rd1 Rd8 35. Rdf1 Rd6 36. a4 Rd8 37. Rd1 Qe8 38. Ra1 Qg6 39. Rad1 Kd7 40. Rdf1
Rf8 41. Rb1 Kd6 42. Rbf1 Kd7 43. Rb1 Ref7 44. Rbf1 f5 45. Qd3 fxe4 46. Qxe4
Qxe4+ 47. fxe4 Rf4 48. Rxf4 Rxf4 49. Rf1 Rxe4+ 50. Kd3 Rf4 51. Rxf4 exf4 52.
Ke4 f3 53. gxf3 g3 54. Ke3 Ke7 55. f4 Kf6 56. Kf3 Kf5 57. Kxg3 Ke4 58. f5 Kxf5
59. Kf3 Ke5 60. Ke3 1/2-1/2

[Event "22nd Honor to National Resistance"]
[Site "Nikaia"]
[Date "2014.08.27"]
[Round "2.22"]
[White "Alexiadis, Hristos"]
[Black "Stamatis, Apostolos"]
[Result "1-0"]
[WhiteElo "2020"]
[BlackElo "1547"]
[PlyCount "49"]
[EventDate "2014.08.26"]

1. e4 c5 2. Nf3 e6 3. Nc3 Nc6 4. d4 cxd4 5. Nxd4 Qc7 6. Nxc6 bxc6 7. Bd3 d5 8.
O-O Nf6 9. Re1 Bd6 10. h3 Bb7 11. exd5 Nxd5 12. Bd2 O-O 13. Ne4 Bf4 14. c4 Bxd2
15. Qxd2 Nf4 16. c5 Rfd8 17. Nd6 Nd5 18. Qg5 Rd7 19. b4 a5 20. Qh4 g6 21. Bc4
Kg7 22. Qd4+ Kg8 23. Bxd5 Rxd6 24. cxd6 Qxd6 25. Qb6 1-0